La historia de la humanidad a través de las guerras

Tallennettuna:
Bibliografiset tiedot
Päätekijä: Wanty, Emile (Tekijä)
Aineistotyyppi: Kirja
Kieli:espanja
Julkaistu: Barcelona Alfaguara 1972
Aiheet:
Tagit: Lisää tagi
Ei tageja, Lisää ensimmäinen tagi!

MARC

LEADER 00000nam a2200000 a 4500
001 UCT3465
003 CL-VaPUC
008 961024e19720000SP |||||||||||||||||spa|d
082 0 4 |a 909  |b WAN  |2 21 
100 0 |a Wanty, Emile  |e author  |9 372404 
245 1 3 |a La historia de la humanidad a través de las guerras 
300 |a 2 v 
942 |c BK 
945 |d 19961024 00:00:00  |a paguirre 
260 |a Barcelona  |b Alfaguara  |c 1972 
650 0 |a Historia  |9 255047 
650 7 |a PAISES  |2 CL-VaPUC  |9 357801 
650 0 |a Agresión bélica   |9 372405 
650 0 |a Guerra  |9 255876 
650 7 |a GUERRA MUNDIAL  |2 CL-VaPUC  |9 346688 
650 0 |a Conflicto internacional  |9 341259 
583 |a last modification  |c 20171031 10:59:47  |k Rodrigo Vera 
999 |c 253109  |d 253107 
952 |0 0  |1 0  |4 0  |6 909_000000000000000_WAN_1972  |7 0  |8 X  |9 273619  |a BIBHIS  |b BIBHIS  |d 2019-11-19  |h v.1  |i 1365177  |o 909 WAN 1972  |p 1365177  |r 2024-01-30  |w 2019-11-19  |y BK_X  |k HIS 
952 |0 0  |1 0  |4 0  |6 909_000000000000000_WAN_1972  |7 0  |8 X  |9 273620  |a BIBHIS  |b BIBHIS  |d 2019-11-19  |h v.2  |i 1365185  |o 909 WAN 1972  |p 1365185  |r 2024-01-30  |w 2019-11-19  |y BK_X  |k HIS